The industrial law, (Record no. 70164)
[ view plain ]
| 000 -LEADER | |
|---|---|
| fixed length control field | 00639cam a22002531 4500 |
| 001 - CONTROL NUMBER | |
| control field | sa 66005829 |
| 003 - CONTROL NUMBER IDENTIFIER | |
| control field | DLC |
| 005 - DATE AND TIME OF LATEST TRANSACTION | |
| control field | 20260227112252.0 |
| 008 - FIXED-LENGTH DATA ELEMENTS--GENERAL INFORMATION | |
| fixed length control field | 850815s1966 ii l 000 0 eng |
| 010 ## - LIBRARY OF CONGRESS CONTROL NUMBER | |
| LC control number | sa 66005829 |
| 035 ## - SYSTEM CONTROL NUMBER | |
| System control number | (OCoLC)24198167 |
| 040 ## - CATALOGING SOURCE | |
| Original cataloging agency | DLC |
| Transcribing agency | ViU |
| Modifying agency | DLC |
| 042 ## - AUTHENTICATION CODE | |
| Authentication code | premarc |
| 050 00 - LIBRARY OF CONGRESS CALL NUMBER | |
| Classification number | KNS1214 |
| Item number | 1966 |
| 051 ## - LIBRARY OF CONGRESS COPY, ISSUE, OFFPRINT STATEMENT | |
| Copy information | 2d set. |
| 110 1# - MAIN ENTRY--CORPORATE NAME | |
| Corporate name or jurisdiction name as entry element | India. |
| 240 10 - UNIFORM TITLE | |
| Uniform title | Laws, etc. |
| 245 14 - TITLE STATEMENT | |
| Title | The industrial law, |
| Statement of responsibility, etc. | by P.L. Malik. |
| 250 ## - EDITION STATEMENT | |
| Edition statement | [8th ed.] |
| 260 ## - PUBLICATION, DISTRIBUTION, ETC. | |
| Place of publication, distribution, etc. | Lucknow, |
| Name of publisher, distributor, etc. | Easter Book |
| Date of publication, distribution, etc. | [1966] |
| 300 ## - PHYSICAL DESCRIPTION | |
| Extent | ix, 1077 p. ; |
| Dimensions | 25 cm. |
| 650 #0 - SUBJECT ADDED ENTRY--TOPICAL TERM | |
| Topical term or geographic name entry element | Labor laws and legislation |
| Geographic subdivision | India. |
| 700 1# - ADDED ENTRY--PERSONAL NAME | |
| Personal name | Malik, P. L. |
No items available.